[Event "HUN Youth Ch U12 Boys Final"]
[Site "?"]
[Date "2013.06.29"]
[Round "9.1"]
[White "Csetneki, Mark"]
[Black "Havasi, Gergo"]
[Result "0-1"]
[WhiteElo "1848"]
[BlackElo "2097"]
[PlyCount "112"]
[EventDate "2013.??.??"]

1. d4 Nf6 2. c4 g6 3. Nc3 Bg7 4. e4 d6 5. Bd3 O-O 6. Nge2 Nc6 7. O-O Nh5 8. Bc2
e5 9. d5 Ne7 10. Be3 f5 11. exf5 Nxf5 12. Bxf5 gxf5 13. f4 Bd7 14. Rc1 Kh8 15.
c5 Qe8 16. Qd2 Rg8 17. b4 Qg6 18. Rf2 Nf6 19. h3 Nh5 20. b5 Bf6 21. Rcf1 Bh4
22. c6 Bxf2+ 23. Rxf2 Be8 24. a4 b6 25. Qd3 Ng7 26. Na2 Qf6 27. Nb4 Bg6 28. Na6
Qf7 29. a5 Rae8 30. axb6 axb6 31. fxe5 f4 32. Qb3 dxe5 33. Bd2 Be4 34. Nc3 Bf5
35. Qb4 Rd8 36. Qc4 Nh5 37. Qe2 Rde8 38. Ne4 Bxh3 39. Nxc7 Bg4 40. Qd3 Qxc7 41.
d6 Qg7 42. Bc3 Rd8 43. Qd5 Rge8 44. Rd2 Bd7 45. c7 Rc8 46. Nc5 bxc5 47. b6 Nf6
48. Qf3 Ng4 49. b7 Qh6 50. Qh3 Qg6 51. Qd3 Qxd3 52. Rxd3 Rb8 53. cxb8=Q Rxb8
54. Rd5 Rxb7 55. Rxe5 Kg8 56. Kf1 Ne3+ 0-1

[Event "HUN Youth Ch U12 Boys Final"]
[Site "?"]
[Date "2013.06.29"]
[Round "9.2"]
[White "Toth, Tamas"]
[Black "Vanczak, Tamas"]
[Result "1/2-1/2"]
[WhiteElo "1877"]
[BlackElo "1772"]
[PlyCount "65"]
[EventDate "2013.??.??"]

1. e4 c5 2. Nf3 d6 3. d4 cxd4 4. Nxd4 Nf6 5. Nc3 a6 6. Bg5 e6 7. Qd2 Be7 8.
O-O-O b5 9. Bd3 Qc7 10. a3 Nbd7 11. f4 Nc5 12. Rhe1 h6 13. Bxf6 Bxf6 14. Bxb5+
axb5 15. Ndxb5 Qc6 16. Nxd6+ Kf8 17. e5 Be7 18. Kb1 g6 19. Nce4 Nxe4 20. Rxe4
Bxd6 21. Qxd6+ Qxd6 22. exd6 Bb7 23. Rc4 Bxg2 24. Rc7 Kg7 25. c4 Rac8 26. Rxc8
Rxc8 27. b4 Kf8 28. b5 Rb8 29. a4 Ke8 30. c5 Kd7 31. Kc2 Rc8 32. Kb3 Rxc5 33.
b6 1/2-1/2

[Event "HUN Youth Ch U12 Boys Final"]
[Site "?"]
[Date "2013.06.29"]
[Round "9.3"]
[White "Tubak, Daniel"]
[Black "Kovacs, Bence"]
[Result "1-0"]
[WhiteElo "1790"]
[BlackElo "1865"]
[PlyCount "103"]
[EventDate "2013.??.??"]

1. e4 e5 2. Nf3 Nc6 3. Bb5 a6 4. Ba4 Nge7 5. d4 exd4 6. O-O g6 7. Nxd4 b5 8.
Bb3 Bg7 9. c3 O-O 10. Bg5 Bb7 11. Nxc6 Bxc6 12. Nd2 h6 13. Bf4 d6 14. Re1 g5
15. Be3 Ng6 16. Bd4 Ne5 17. Nf3 Bb7 18. Qe2 c5 19. Bxe5 dxe5 20. Rad1 Qe7 21.
Bd5 Rfd8 22. c4 Qc7 23. b3 b4 24. Rd3 Rd7 25. Red1 Rad8 26. R1d2 Bc8 27. Qd1 a5
28. h3 Kf8 29. Nh2 Rd6 30. Nf1 R6d7 31. Ne3 Rd6 32. Qf3 Rf6 33. Qh5 Rfd6 34. h4
gxh4 35. Qxh4 Rg6 36. Qh5 Re8 37. Nf5 Rg5 38. Qxf7+ Qxf7 39. Bxf7 Bxf5 40. Bxe8
Bxe4 41. Rd8 Bf6 42. Rb8 Rxg2+ 43. Kf1 Ke7 44. Rd7+ Ke6 45. Rb6+ Kf5 46. Rf7
Rg6 47. Rf8 Bd3+ 48. Ke1 Rg1+ 49. Kd2 Ke4 50. Rfxf6 Ra1 51. Bg6+ Kd4 52. Rfd6#
1-0

[Event "HUN Youth Ch U12 Boys Final"]
[Site "?"]
[Date "2013.06.29"]
[Round "9.4"]
[White "Kokeny, Norbert Adrian"]
[Black "Kozak, Adam"]
[Result "0-1"]
[WhiteElo "1782"]
[BlackElo "2147"]
[PlyCount "44"]
[EventDate "2013.??.??"]

1. d4 d5 2. Nf3 Nf6 3. e3 c5 4. Bd3 Nc6 5. c3 Bg4 6. Nbd2 e6 7. O-O Bd6 8. h3
Bh5 9. Qe2 O-O 10. dxc5 Bxc5 11. e4 Ne5 12. Bc2 dxe4 13. Nxe4 Nxf3+ 14. gxf3
Nxe4 15. Bxe4 Qh4 16. Qc4 Qg3+ 17. Kh1 Qxh3+ 18. Kg1 Qg3+ 19. Kh1 Bxf2 20. Bf4
Qh3+ 21. Bh2 Qxf3+ 22. Bxf3 Bxf3# 0-1

[Event "HUN Youth Ch U12 Boys Final"]
[Site "?"]
[Date "2013.06.29"]
[Round "9.5"]
[White "Czina, Peter"]
[Black "Matos, Balint"]
[Result "1-0"]
[WhiteElo "1767"]
[BlackElo "1687"]
[PlyCount "98"]
[EventDate "2013.??.??"]

1. Nf3 d5 2. g3 Nf6 3. Bg2 c6 4. O-O Bg4 5. d3 e6 6. c4 Bd6 7. cxd5 exd5 8. Nc3
O-O 9. Qc2 Nbd7 10. e4 dxe4 11. dxe4 Re8 12. h3 Bxf3 13. Bxf3 Qc7 14. Bg2 Bxg3
15. fxg3 Qxg3 16. Bf4 Qg6 17. Kh1 Nh5 18. Bh2 Ndf6 19. Qf2 Nd7 20. Qf5 Nhf6 21.
Qxg6 hxg6 22. Rad1 a5 23. b3 Nc5 24. Bg1 Ncxe4 25. Nxe4 Nxe4 26. Bxe4 Rxe4 27.
Rd7 f6 28. Rxb7 Re2 29. a3 Rd8 30. Bf2 Rd3 31. Kg2 Rb2 32. a4 Rbxb3 33. Rxb3
Rxb3 34. Be1 Ra3 35. Rf4 g5 36. Rc4 c5 37. Bxa5 Kf7 38. Bb6 Ra2+ 39. Kf3 Ke6
40. a5 f5 41. Rxc5 Ra3+ 42. Kf2 Rxh3 43. a6 Rh8 44. a7 Kd6 45. Rc7 g6 46. Rb7
Kc6 47. Rb8 Rh2+ 48. Kg3 Ra2 49. a8=Q+ Rxa8 1-0

[Event "HUN Youth Ch U14 Boys Final"]
[Site "?"]
[Date "2013.06.21"]
[Round "1.1"]
[White "Marosi, Levente"]
[Black "Ruck, Robert"]
[Result "0-1"]
[WhiteElo "2037"]
[BlackElo "2055"]
[PlyCount "74"]
[EventDate "2013.??.??"]

1. e4 c5 2. Nf3 e6 3. d4 cxd4 4. Nxd4 a6 5. Bd3 Nf6 6. O-O Qc7 7. Qe2 d6 8. c4
Be7 9. Nc3 Nbd7 10. f4 O-O 11. Kh1 b6 12. Bd2 Rd8 13. Rac1 Bb7 14. b4 Rac8 15.
a3 h6 16. Nb3 Qb8 17. Be3 Qa8 18. Bg1 d5 19. cxd5 exd5 20. e5 Ne4 21. Bxe4 dxe4
22. Nd4 b5 23. Nf5 Bf8 24. Rfd1 Rc4 25. Nxh6+ gxh6 26. Rxd7 Rxd7 27. Qg4+ Bg7
28. Qxd7 e3 29. Qh3 Rxf4 30. Bxe3 Rc4 31. e6 fxe6 32. Qxe6+ Kh7 33. Qh3 Qf8 34.
Bc5 Qf4 35. Be3 Qf6 36. Bd2 Qf2 37. Qd3+ Be4 0-1

[Event "HUN Youth Ch U14 Boys Final"]
[Site "?"]
[Date "2013.06.21"]
[Round "1.2"]
[White "Buzas, Bertalan"]
[Black "Bege, Levente"]
[Result "1-0"]
[WhiteElo "1845"]
[BlackElo "1815"]
[PlyCount "77"]
[EventDate "2013.??.??"]

1. e4 c5 2. Nf3 d6 3. d4 cxd4 4. Nxd4 Nf6 5. Nc3 a6 6. h3 e6 7. g4 h6 8. Bg2
Be7 9. Be3 Qc7 10. O-O Bd7 11. a4 Bc6 12. f4 Nbd7 13. a5 Nh7 14. b4 Ndf8 15.
Nxc6 bxc6 16. Bb6 Qb7 17. Na4 Nd7 18. c4 O-O 19. Rb1 e5 20. b5 cxb5 21. cxb5
axb5 22. Rxb5 Nxb6 23. Qb3 Qa7 24. Nxb6 Nf6 25. Kh1 Rab8 26. fxe5 dxe5 27. Rxe5
Rfd8 28. Rb5 Bf8 29. e5 Nxg4 30. hxg4 Qe7 31. Qg3 Qg5 32. Bd5 Qd2 33. Qf4 Qd3
34. Qxf7+ Kh7 35. Qg8+ Kg6 36. Qe6+ Kg5 37. Rf5+ Kh4 38. Rh5+ Kg3 39. Rb3 1-0

[Event "HUN Youth Ch U14 Boys Final"]
[Site "?"]
[Date "2013.06.21"]
[Round "1.3"]
[White "Czupor, Attila"]
[Black "Gorcsi, Gabor"]
[Result "1-0"]
[WhiteElo "1939"]
[BlackElo "1958"]
[PlyCount "81"]
[EventDate "2013.??.??"]

1. e4 c5 2. Nf3 d6 3. d4 cxd4 4. Nxd4 Nf6 5. Nc3 g6 6. Be3 Bg7 7. f3 O-O 8. Qd2
Nc6 9. O-O-O d5 10. Kb1 Nxd4 11. e5 Nf5 12. exf6 Bxf6 13. Nxd5 Qxd5 14. Qxd5
Nxe3 15. Qd2 Nxd1 16. Qxd1 Be6 17. Bb5 Rfd8 18. Qe2 Rac8 19. Rd1 a6 20. Ba4 Bc4
21. Qe1 Kg7 22. Bb3 Bb5 23. a3 e6 24. g4 Rxd1+ 25. Qxd1 Rd8 26. Qe1 Bc6 27. f4
h6 28. h4 g5 29. hxg5 hxg5 30. fxg5 Bxg5 31. Qa5 Kg6 32. Qe5 Bf6 33. Qh5+ Kg7
34. g5 Bd4 35. Qh6+ Kg8 36. g6 Bg7 37. gxf7+ Kf8 38. Qxe6 a5 39. Qf5 Ke7 40.
Qg5+ Bf6 41. Qc5+ 1-0

[Event "HUN Youth Ch U14 Boys Final"]
[Site "?"]
[Date "2013.06.21"]
[Round "1.4"]
[White "Ugroczky, Peter"]
[Black "Szilassi, Abel"]
[Result "1/2-1/2"]
[WhiteElo "1889"]
[BlackElo "1828"]
[PlyCount "103"]
[EventDate "2013.??.??"]

1. e4 e6 2. d4 d5 3. Nd2 Nf6 4. e5 Nfd7 5. Bd3 c5 6. c3 Nc6 7. Ngf3 Qb6 8. O-O
cxd4 9. cxd4 Nxd4 10. Nxd4 Qxd4 11. Nf3 Qb6 12. Qa4 Qb4 13. Qc2 h6 14. a3 Qb6
15. Qa4 Bc5 16. Bd2 a6 17. Qg4 Kf8 18. b4 Be7 19. Be3 Qd8 20. Rfd1 b6 21. Rac1
Bb7 22. Qf4 Bg5 23. Nxg5 Qxg5 24. Qxg5 hxg5 25. Rc7 Bc8 26. Rdc1 Ke7 27. Bxb6
f6 28. Be3 Kd8 29. exf6 gxf6 30. b5 Ne5 31. Be2 axb5 32. Bb6 Bd7 33. Bxb5 Ke7
34. Bd4 Rhd8 35. Be2 Rdc8 36. Rxc8 Rxc8 37. Rxc8 Bxc8 38. a4 Nc4 39. Kf1 Bd7
40. Bxc4 dxc4 41. a5 Bb5 42. Ke1 e5 43. Bc3 Ke6 44. Ke2 Kd5 45. Kf3 f5 46. h3
Ba6 47. g3 Bb7 48. h4 Ke6+ 49. Ke2 gxh4 50. gxh4 f4 51. f3 Kf5 52. Be1 1/2-1/2

[Event "HUN Youth Ch U14 Boys Final"]
[Site "?"]
[Date "2013.06.22"]
[Round "2.1"]
[White "Ruck, Robert"]
[Black "Peczely, Sebastian Zsombor"]
[Result "0-1"]
[WhiteElo "2055"]
[BlackElo "2147"]
[PlyCount "68"]
[EventDate "2013.??.??"]

1. e4 e5 2. Nf3 Nc6 3. Bc4 Bc5 4. c3 Nf6 5. d4 exd4 6. e5 d5 7. Bb5 Ne4 8. cxd4
Bb6 9. Be3 O-O 10. O-O Bg4 11. Bxc6 bxc6 12. h3 Bh5 13. Nc3 f5 14. exf6 Qxf6
15. g4 Nxc3 16. bxc3 Qxf3 17. Qxf3 Rxf3 18. Kg2 Rxe3 19. fxe3 Bg6 20. Rac1 Bd3
21. Rf4 Re8 22. Kf2 c5 23. Rd1 c4 24. Rf3 Ba5 25. Rc1 Be4 26. Rf4 Rb8 27. Kg1
c6 28. Rf2 Bc7 29. Rcf1 Bd6 30. g5 a5 31. h4 Bd3 32. Rc1 Re8 33. Rf3 Ba3 34.
Re1 Bb2 0-1

[Event "HUN Youth Ch U14 Boys Final"]
[Site "Balatonlelle"]
[Date "2013.06.22"]
[Round "2.2"]
[White "Szilassi, Abel"]
[Black "Gledura, Benjamin"]
[Result "0-1"]
[WhiteElo "1828"]
[BlackElo "2421"]
[PlyCount "50"]
[EventDate "2013.??.??"]

1. e4 c5 2. Nf3 e6 3. d4 cxd4 4. Nxd4 a6 5. Nc3 Qc7 6. Be3 Bb4 7. Qd2 Nf6 8. f3
d5 9. e5 Qxe5 10. O-O-O Qc7 11. Bf4 Qa5 12. Nb3 Bxc3 13. Nxa5 Bxd2+ 14. Rxd2 b6
15. Nb3 O-O 16. Bc7 Nbd7 17. Nd4 Bb7 18. Bd3 Rfe8 19. f4 Rac8 20. Be5 Ng4 21.
Re1 Nc5 22. h3 Nf2 23. Kb1 Nfe4 24. Bxe4 Nxe4 25. Rxe4 dxe4 0-1

[Event "HUN Youth Ch U14 Boys Final"]
[Site "?"]
[Date "2013.06.22"]
[Round "2.3"]
[White "Gorcsi, Gabor"]
[Black "Ugroczky, Peter"]
[Result "1-0"]
[WhiteElo "1958"]
[BlackElo "1889"]
[PlyCount "81"]
[EventDate "2013.??.??"]

1. d4 c5 2. d5 e6 3. c4 exd5 4. cxd5 d6 5. e4 g6 6. Nc3 Bg7 7. Bd3 Nf6 8. h3
O-O 9. Nf3 Na6 10. O-O Nc7 11. a4 b6 12. Re1 Re8 13. Qc2 a6 14. Bf4 Nh5 15. Bh2
Bh6 16. e5 Bf4 17. e6 Bxh2+ 18. Kxh2 Nf4 19. exf7+ Kxf7 20. Rxe8 Qxe8 21. Ne4
Qd8 22. Nfg5+ Kg8 23. Qc3 Ne8 24. Bc4 Bf5 25. Qf3 Bxe4 26. Qxf4 Bf5 27. g4 h6
28. Ne6 Bxe6 29. dxe6 Qf6 30. e7+ Kg7 31. Qe4 Ra7 32. Re1 Kh7 33. Kg2 Kh8 34.
Qd5 Qg7 35. Qf7 Ra8 36. Qf8+ Kh7 37. Bf7 Nc7 38. Qxa8 Qxf7 39. e8=Q Nxe8 40.
Qxe8 Qd5+ 41. Kg1 1-0

[Event "HUN Youth Ch U14 Boys Final"]
[Site "?"]
[Date "2013.06.22"]
[Round "2.4"]
[White "Bege, Levente"]
[Black "Czupor, Attila"]
[Result "1-0"]
[WhiteElo "1815"]
[BlackElo "1939"]
[PlyCount "177"]
[EventDate "2013.??.??"]

1. e4 e5 2. Nf3 Nc6 3. Bc4 Nf6 4. d3 h6 5. c3 d6 6. Nbd2 g6 7. O-O Bg7 8. Re1
O-O 9. h3 Nd7 10. Bb3 Nb6 11. a4 a5 12. Nc4 Nxc4 13. Bxc4 Kh7 14. Qe2 f5 15.
Bd2 Qf6 16. Bb3 fxe4 17. dxe4 Bxh3 18. Ng5+ hxg5 19. gxh3 Bh6 20. Kg2 Kg7 21.
Be3 Rh8 22. Qg4 Raf8 23. Rg1 Rh7 24. Raf1 Ne7 25. Kh2 c6 26. Rg3 Rfh8 27. Rf3
Nf5 28. exf5 d5 29. fxg6 Qxg6 30. Qd7+ Kg8 31. Qc8+ Kg7 32. Qxb7+ Kg8 33. Qc8+
Kg7 34. Qd7+ Kg8 35. Qf5 Qxf5 36. Rxf5 Bg7 37. Rxg5 Rxh3+ 38. Kg2 Kf7 39. Rg3
R3h7 40. Bc2 e4 41. Rg1 Be5 42. Rg5 Bf6 43. Rf5 Rg8+ 44. Kf1 Rxg1+ 45. Kxg1 Ke6
46. Rf4 Rb7 47. b3 Bxc3 48. Bc5 Bb4 49. Bxb4 Rxb4 50. f3 exf3 51. Rxf3 Rd4 52.
Re3+ Kd6 53. Kf2 Rd2+ 54. Re2 Rd4 55. Ke3 Kc5 56. Rf2 Rh4 57. Kd2 Kb4 58. Rf6
Rh2+ 59. Kc1 Kc5 60. Kb2 d4 61. Kc1 Re2 62. Bd3 Rh2 63. Re6 Kb4 64. Rxc6 Kxb3
65. Bb5 Rg2 66. Rd6 Kc3 67. Rc6+ Kb3 68. Rc4 d3 69. Rd4 d2+ 70. Rxd2 Rg1+ 71.
Rd1 Rg2 72. Rd3+ Kb4 73. Rd2 Rg4 74. Kc2 Rh4 75. Kd3 Rh6 76. Ke4 Kc5 77. Rc2+
Kb6 78. Re2 Kc5 79. Rc2+ Kb6 80. Re2 Kc5 81. Kf5 Rh5+ 82. Ke6 Rh6+ 83. Kd7 Rh7+
84. Re7 Rh5 85. Kc7 Rh6 86. Re5+ Kb4 87. Bc6 Rg6 88. Kb6 Rh6 89. Rb5+ 1-0

[Event "HUN Youth Ch U14 Boys Final"]
[Site "?"]
[Date "2013.06.22"]
[Round "2.5"]
[White "Marosi, Levente"]
[Black "Buzas, Bertalan"]
[Result "1/2-1/2"]
[WhiteElo "2037"]
[BlackElo "1845"]
[PlyCount "128"]
[EventDate "2013.??.??"]

1. e4 e5 2. Nf3 Nc6 3. Bb5 Nge7 4. O-O g6 5. c3 a6 6. Ba4 Bg7 7. d4 exd4 8.
cxd4 b5 9. Bb3 d6 10. h3 Na5 11. Bc2 O-O 12. Bg5 f6 13. Bh4 Bb7 14. Nbd2 c5 15.
d5 g5 16. Bg3 Ng6 17. b4 cxb4 18. Nd4 Bc8 19. N2b3 Nxb3 20. axb3 Qb6 21. Nc6
Ne5 22. Bxe5 fxe5 23. Qd2 h6 24. Qxb4 Rf6 25. Bd3 Bd7 26. Rac1 Bf8 27. Qa5 Qxa5
28. Nxa5 Be7 29. b4 Bd8 30. Nb3 Bb6 31. Rc2 Raf8 32. Na5 h5 33. Nc6 Rf4 34. Rd2
g4 35. hxg4 hxg4 36. g3 Rf3 37. Kg2 R8f7 38. Nb8 Bc8 39. Nc6 Bd7 40. Bc2 Bc8
41. Bd1 R3f6 42. Rc2 Kg7 43. Na5 Bd7 44. Nb3 Kg8 45. Ra2 Bc8 46. Na5 Bd7 47.
Nc6 Bc8 48. f3 Kg7 49. Be2 Be3 50. Ra3 Bb6 51. Rh1 Rh6 52. Rxh6 Kxh6 53. Ra1
Kg5 54. Rf1 gxf3+ 55. Bxf3 Bg4 56. Bxg4 Rxf1 57. Kxf1 Kxg4 58. Kg2 Bc7 59. Kf2
Bb6+ 60. Kg2 Bc7 61. Na7 Bb8 62. Nc6 Bc7 63. Na7 Bb8 64. Nc6 Bc7 1/2-1/2

[Event "HUN Youth Ch U14 Boys Final"]
[Site "?"]
[Date "2013.06.23"]
[Round "3.1"]
[White "Buzas, Bertalan"]
[Black "Ruck, Robert"]
[Result "0-1"]
[WhiteElo "1845"]
[BlackElo "2055"]
[PlyCount "82"]
[EventDate "2013.??.??"]

1. e4 c5 2. Nf3 e6 3. d4 cxd4 4. Nxd4 a6 5. c4 Nf6 6. Nc3 Bb4 7. Qf3 Bxc3+ 8.
bxc3 d6 9. Bd3 Nbd7 10. O-O O-O 11. Ba3 Qc7 12. Qe2 Nc5 13. Nb3 b6 14. Bxc5
bxc5 15. f4 e5 16. f5 Bd7 17. g4 h6 18. h4 Nh7 19. Rfd1 Bc6 20. Bc2 a5 21. a4
Qe7 22. Qf2 Rfb8 23. Rdb1 Nf6 24. Qg2 Nd7 25. g5 hxg5 26. hxg5 Kf8 27. Nd2 Nb6
28. Kf2 Ke8 29. Qg4 Kd8 30. Rh1 Kc7 31. Rh7 Rg8 32. Ke3 Rab8 33. Bb3 Bd7 34.
Qg3 Rh8 35. Rxg7 Qf8 36. f6 Rh3 37. Qxh3 Bxh3 38. Rh1 Be6 39. g6 Nd7 40. Rhh7
Kc6 41. gxf7 Nxf6 0-1

[Event "HUN Youth Ch U14 Boys Final"]
[Site "?"]
[Date "2013.06.23"]
[Round "3.2"]
[White "Czupor, Attila"]
[Black "Marosi, Levente"]
[Result "1-0"]
[WhiteElo "1939"]
[BlackElo "2037"]
[PlyCount "77"]
[EventDate "2013.??.??"]

1. e4 c5 2. Nf3 d6 3. d4 cxd4 4. Nxd4 Nf6 5. Nc3 a6 6. Be3 e5 7. Nb3 Be7 8. Be2
O-O 9. O-O Qc7 10. f4 b5 11. Nd5 Nxd5 12. exd5 Nd7 13. a4 b4 14. a5 exf4 15.
Bxf4 Bf6 16. Ra2 Bb7 17. Qd2 Rfe8 18. Bf3 Ne5 19. Bxe5 Rxe5 20. Qxb4 Bxd5 21.
Bxd5 Rxd5 22. Qe4 Qa7+ 23. Kh1 Re5 24. Qc6 Rae8 25. Qxd6 Re1 26. Ra1 Rxa1 27.
Nxa1 Bxb2 28. Nb3 Qf2 29. Qxa6 Qxc2 30. Qb5 Qc8 31. a6 Re7 32. Rd1 g6 33. Na5
Qc2 34. Rf1 Rc7 35. a7 Rc8 36. Qb7 Qf5 37. Rg1 Bd4 38. a8=Q Rxa8 39. Qxa8+ 1-0

[Event "HUN Youth Ch U14 Boys Final"]
[Site "?"]
[Date "2013.06.23"]
[Round "3.3"]
[White "Ugroczky, Peter"]
[Black "Bege, Levente"]
[Result "1-0"]
[WhiteElo "1889"]
[BlackElo "1815"]
[PlyCount "123"]
[EventDate "2013.??.??"]

1. e4 c5 2. d4 cxd4 3. c3 dxc3 4. Nxc3 d6 5. Nf3 a6 6. Bc4 e6 7. a4 Nc6 8. Qe2
Be7 9. O-O Nf6 10. Rd1 Qc7 11. h3 O-O 12. Bf4 Rd8 13. Rac1 b6 14. Ba2 Qb7 15.
Rd2 b5 16. Nd1 Ne8 17. axb5 axb5 18. Bb1 Na5 19. e5 d5 20. Qd3 g6 21. Bh6 Ng7
22. Nd4 Bd7 23. Ne3 Nc4 24. Rdc2 Nxe5 25. Qe2 Rdc8 26. Bxg7 Kxg7 27. Nef5+ exf5
28. Qxe5+ Bf6 29. Qf4 Qb6 30. Nb3 Rxc2 31. Rxc2 Ra4 32. Qd2 Be6 33. Rc1 Rc4 34.
Re1 Rc8 35. Bd3 b4 36. Ra1 d4 37. Qd1 Bd5 38. Nd2 Qb7 39. Ba6 Qc6 40. Bxc8 Qxc8
41. Nf3 Qc5 42. Rc1 Qb6 43. Qd2 Qb7 44. Qe2 Be4 45. Ne1 Bg5 46. Rc4 Qb5 47. b3
Bd5 48. Rc2 Qxe2 49. Rxe2 Bxb3 50. Rb2 Bc4 51. Nf3 b3 52. Nxg5 Kf6 53. f4 Ke7
54. Kf2 Kd6 55. Ke1 Kc5 56. Kd2 Kb4 57. Nf3 Ka3 58. Kc1 d3 59. Rd2 f6 60. Ne1
b2+ 61. Rxb2 d2+ 62. Rxd2 1-0

[Event "HUN Youth Ch U14 Boys Final"]
[Site "?"]
[Date "2013.06.23"]
[Round "3.4"]
[White "Gledura, Benjamin"]
[Black "Gorcsi, Gabor"]
[Result "1-0"]
[WhiteElo "2421"]
[BlackElo "1958"]
[PlyCount "63"]
[EventDate "2013.??.??"]

1. e4 c5 2. Nf3 d6 3. d4 cxd4 4. Nxd4 Nf6 5. Nc3 g6 6. Be3 Bg7 7. f3 O-O 8. Qd2
Nc6 9. g4 Bd7 10. O-O-O Ne5 11. Kb1 b5 12. h4 h5 13. gxh5 Nxh5 14. Rg1 Rc8 15.
f4 Ng4 16. f5 Nhf6 17. Bd3 Rxc3 18. bxc3 Qa5 19. Nb3 Qa3 20. Bd4 b4 21. cxb4
Bh6 22. Qe2 Qxb4 23. Rxg4 Nxg4 24. Qxg4 Rb8 25. Qg1 a5 26. fxg6 f6 27. Be3 a4
28. Bxh6 axb3 29. cxb3 Be6 30. Bc2 Ra8 31. Qd4 Qa3 32. Qb2 1-0

[Event "HUN Youth Ch U14 Boys Final"]
[Site "?"]
[Date "2013.06.23"]
[Round "3.5"]
[White "Peczely, Sebastian Zsombor"]
[Black "Szilassi, Abel"]
[Result "1-0"]
[WhiteElo "2147"]
[BlackElo "1828"]
[PlyCount "109"]
[EventDate "2013.??.??"]

1. e4 e6 2. Nf3 d5 3. e5 c5 4. c3 Nc6 5. Bb5 Qb6 6. Ba4 Bd7 7. O-O Nge7 8. Re1
Nf5 9. Bc2 Be7 10. Bxf5 exf5 11. d4 Be6 12. b3 cxd4 13. cxd4 Bb4 14. Rf1 Rc8
15. Qd3 a5 16. a3 Be7 17. Bd2 O-O 18. Nc3 Na7 19. Ne2 Qb5 20. Qxb5 Nxb5 21. a4
Na3 22. Bxa5 Rc2 23. Nf4 Ra8 24. Bb6 Rb2 25. Bc5 Bxc5 26. dxc5 Rxb3 27. Nd4 Rb4
28. Nfxe6 fxe6 29. Nxe6 Raxa4 30. Nc7 Nc2 31. Rxa4 Rxa4 32. Nxd5 Rc4 33. f4 Kf7
34. Rb1 Rxc5 35. Rxb7+ Kf8 36. Nc7 Nd4 37. Kf2 Rc6 38. Ke3 Ne6 39. Nxe6+ Rxe6
40. Kd4 Rg6 41. g3 Rh6 42. Kd5 Rxh2 43. Kd6 Rd2+ 44. Ke6 Rd8 45. Kxf5 Re8 46.
g4 Re7 47. Rxe7 Kxe7 48. Ke4 Ke6 49. f5+ Ke7 50. g5 Kf7 51. Kd5 Kf8 52. Kd6 h5
53. gxh6 gxh6 54. Kd7 h5 55. e6 1-0

[Event "HUN Youth Ch U14 Boys Final"]
[Site "?"]
[Date "2013.06.24"]
[Round "4.1"]
[White "Ruck, Robert"]
[Black "Szilassi, Abel"]
[Result "1-0"]
[WhiteElo "2055"]
[BlackElo "1828"]
[PlyCount "73"]
[EventDate "2013.??.??"]

1. e4 e6 2. d4 d5 3. Nd2 Nf6 4. e5 Nfd7 5. c3 c5 6. Bd3 Nc6 7. Ne2 Qb6 8. Nf3
Be7 9. O-O O-O 10. Nf4 cxd4 11. cxd4 Kh8 12. Bb1 Na5 13. Re1 Re8 14. b3 Nf8 15.
h4 Nc6 16. Bb2 Ng6 17. Qd3 Nb4 18. Nxg6+ fxg6 19. Qe3 Nc6 20. Qf4 Rf8 21. Qg4
Qd8 22. h5 g5 23. Bc1 h6 24. Nh4 Bb4 25. Ng6+ Kg8 26. Re3 Rf7 27. Rg3 Be1 28.
Be3 Qc7 29. Bd3 Nb4 30. Bb1 Bc3 31. Bxg5 hxg5 32. Qxg5 Bxd4 33. Rg4 Bxa1 34. h6
Nc6 35. h7+ Kxh7 36. Qh5+ Kg8 37. Qh8# 1-0

[Event "HUN Youth Ch U14 Boys Final"]
[Site "?"]
[Date "2013.06.24"]
[Round "4.2"]
[White "Gorcsi, Gabor"]
[Black "Peczely, Sebastian Zsombor"]
[Result "0-1"]
[WhiteElo "1958"]
[BlackElo "2147"]
[PlyCount "68"]
[EventDate "2013.??.??"]

1. e4 c5 2. Nf3 e6 3. d4 cxd4 4. Nxd4 Nc6 5. Nb3 Qc7 6. Nc3 a6 7. Be2 Nf6 8. a3
b5 9. O-O Bb7 10. Bg5 Be7 11. f4 d6 12. Kh1 h6 13. Bh4 O-O 14. Bf2 b4 15. axb4
Nxb4 16. Bf3 Rac8 17. Qd2 Rfd8 18. Qe2 d5 19. e5 Ne4 20. Bxe4 dxe4 21. Rac1 Bd5
22. Nd2 Qb7 23. Rfe1 Na2 24. Nxa2 Bxa2 25. b3 Ba3 26. Ra1 Rxc2 27. Qxe4 Qc8 28.
Nc4 Rxf2 29. Nxa3 Bxb3 30. Qe3 Rdd2 31. Qxb3 Qa8 32. Re4 Qxe4 33. Qb8+ Kh7 34.
Qb1 Rd1+ 0-1

[Event "HUN Youth Ch U14 Boys Final"]
[Site "?"]
[Date "2013.06.24"]
[Round "4.3"]
[White "Bege, Levente"]
[Black "Gledura, Benjamin"]
[Result "0-1"]
[WhiteElo "1815"]
[BlackElo "2421"]
[PlyCount "60"]
[EventDate "2013.??.??"]

1. e4 c5 2. Nf3 e6 3. d4 cxd4 4. Nxd4 Nc6 5. Nc3 Qc7 6. Nxc6 bxc6 7. Bd3 Nf6 8.
Qe2 e5 9. O-O Be7 10. Kh1 d6 11. h3 Rb8 12. b3 O-O 13. f4 exf4 14. Bxf4 Nd7 15.
Na4 Bf6 16. Rad1 Ne5 17. Nb2 Ng6 18. Nc4 Nxf4 19. Rxf4 d5 20. e5 Bg5 21. Bxh7+
Kxh7 22. Qh5+ Bh6 23. Nd6 Be6 24. Rh4 Qe7 25. Rf1 f6 26. Rxf6 Rxf6 27. exf6
Qxf6 28. g4 Qf1+ 29. Kh2 Qf4+ 30. Kg2 g6 0-1

[Event "HUN Youth Ch U14 Boys Final"]
[Site "?"]
[Date "2013.06.24"]
[Round "4.4"]
[White "Marosi, Levente"]
[Black "Ugroczky, Peter"]
[Result "1/2-1/2"]
[WhiteElo "2037"]
[BlackElo "1889"]
[PlyCount "80"]
[EventDate "2013.??.??"]

1. e4 c5 2. Nf3 d6 3. d4 cxd4 4. Nxd4 Nf6 5. Nc3 Nc6 6. Bg5 e6 7. Qd2 Be7 8.
O-O-O O-O 9. f4 Nxd4 10. Qxd4 Qa5 11. Be2 a6 12. Kb1 e5 13. fxe5 dxe5 14. Qe3
Be6 15. Bxf6 Bxf6 16. Nd5 Kh8 17. Bc4 b5 18. Bb3 Bxd5 19. Bxd5 Rac8 20. Bb7 Rc7
21. Bd5 Be7 22. Rhf1 Bc5 23. Qb3 f6 24. Rf3 Qb6 25. Rh3 g6 26. Be6 a5 27. Bg4
a4 28. Qe6 Qxe6 29. Bxe6 f5 30. exf5 gxf5 31. Rh5 e4 32. Bxf5 e3 33. Bd3 b4 34.
Re1 Ba7 35. Rf5 Rxf5 36. Bxf5 Rf7 37. g4 Bd4 38. Kc1 Re7 39. Re2 Kg7 40. h4 Kf6
1/2-1/2

[Event "HUN Youth Ch U14 Boys Final"]
[Site "?"]
[Date "2013.06.24"]
[Round "4.5"]
[White "Buzas, Bertalan"]
[Black "Czupor, Attila"]
[Result "1/2-1/2"]
[WhiteElo "1845"]
[BlackElo "1939"]
[PlyCount "109"]
[EventDate "2013.??.??"]

1. e4 e5 2. Nf3 Nc6 3. Bb5 a6 4. Bxc6 dxc6 5. d4 exd4 6. Qxd4 Qxd4 7. Nxd4 g6
8. Be3 Bg7 9. c3 Nf6 10. f3 c5 11. Ne2 b6 12. Nd2 Bb7 13. O-O-O O-O-O 14. Nc4
Nd7 15. Ng3 Rhe8 16. Bf4 b5 17. Na5 c4 18. Nxb7 Kxb7 19. Kc2 Nc5 20. Rxd8 Rxd8
21. Be3 Nd3 22. Ne2 f5 23. Nf4 Bh6 24. Nd5 Rxd5 25. Bxh6 fxe4 26. fxe4 Re5 27.
b3 Rxe4 28. bxc4 bxc4 29. Kd2 Re5 30. Rb1+ Kc6 31. Be3 Ra5 32. Ra1 Rb5 33. Ke2
Rb2+ 34. Kf3 Kd5 35. Bd4 c5 36. Bg7 Rc2 37. h3 Ne5+ 38. Kf4 g5+ 39. Kxg5 Rxg2+
40. Kh6 Rh2 41. Rd1+ Nd3 42. Kxh7 Rxh3+ 43. Kg6 Rh2 44. Ra1 Ke4 45. a4 Ke3 46.
Kf6 Rh7 47. Ra2 Nf4 48. Bf8 Nd5+ 49. Ke6 Nxc3 50. Bxc5+ Kd3 51. Ra3 Kc2 52. Bb4
Nxa4 53. Kd5 Rh5+ 54. Kc6 Kb2 55. Rxa4 1/2-1/2

[Event "HUN Youth Ch U14 Boys Final"]
[Site "?"]
[Date "2013.06.25"]
[Round "5.1"]
[White "Czupor, Attila"]
[Black "Ruck, Robert"]
[Result "0-1"]
[WhiteElo "1939"]
[BlackElo "2055"]
[PlyCount "118"]
[EventDate "2013.??.??"]

1. e4 c5 2. Nc3 e6 3. d4 cxd4 4. Qxd4 Nc6 5. Qd2 Qc7 6. g3 a6 7. Bg2 Nf6 8.
Nge2 d6 9. O-O Be7 10. b3 O-O 11. Bb2 b5 12. Nd1 Bb7 13. Ne3 Ne5 14. f4 Ned7
15. e5 Bxg2 16. exf6 Bxf6 17. Bxf6 Bxf1 18. Be7 Bxe2 19. Bxd6 Qc6 20. Bxf8 Rxf8
21. Qxe2 h6 22. a4 Qc3 23. Qe1 Qc5 24. axb5 axb5 25. Qe2 Nf6 26. Kg2 Qc3 27.
Rd1 Rc8 28. Rd3 Qc6+ 29. Qf3 Ne4 30. f5 exf5 31. Qxf5 Nc5+ 32. Nd5 Nxd3 33.
Qxc8+ Qxc8 34. Ne7+ Kf8 35. Nxc8 Ne1+ 36. Kf2 Nxc2 37. Na7 Nd4 38. Ke3 Nxb3 39.
Nxb5 Ke7 40. Nc3 Ke6 41. Ne2 Ke5 42. Nf4 Nc5 43. Kf3 g5 44. Ng2 f5 45. h3 Nb3
46. Ke3 Nc5 47. h4 Ne4 48. hxg5 hxg5 49. g4 f4+ 50. Ke2 Ng3+ 51. Kf3 Nf1 52.
Ne1 Nh2+ 53. Kg2 Nxg4 54. Kf3 Nf6 55. Nd3+ Kf5 56. Nf2 g4+ 57. Kg2 f3+ 58. Kf1
g3 59. Nd3 Ke4 0-1